00516nam a2200157 a 450000100100000000500170001000800410002702000150006804000250008308200150010810000280012324501160015126000380026730000210030550000320032600002480120200930023358.0110203s1990 sp r 000 | spa d a8476455690 aDO-SdBNPbspacBNPHU axxxbL362n1 aLatrach Silva, Waldo A.14aLos niños que tienes en tus manos :bmanual del pedagogía para padres y maestros /cWaldo A. Latrach Silva. aBarcelona :bSeix Barral ,c1990. a515 p. ;c19 cm. aBibliografía : p. 103-104